000 00480nam a2200181 a 4500
001 1765635237778
003 YourLibrary
005 20251216152705.0
008 251213s1991##################000#0#eng##
020 _a9783110125542
082 0 4 _a221.6
_bDEL
100 1 _aDell, Katharine Julia,
_eauthor.
245 1 0 _aThe Book of Job as Sceptical Literature :
260 _bde Gruyter,
_c1991.
650 0 _aBible.
942 _cENGLISH
040 _aYourLibrary
_beng
_cYourLibrary
999 _c602664
_d602664